| 000 | 01037nam a22002777a 4500 | ||
|---|---|---|---|
| 999 |
_c11322 _d11322 |
||
| 003 | AR-CdUCM | ||
| 008 | 190403b ||||| |||| 00| 0 spa d | ||
| 040 |
_aMUNICIPALIDAD PROVINCIAL DEL CUSCO _cBIBLIOTECA MUNICIPAL DEL CUSCO |
||
| 041 | _hfre | ||
| 082 |
_a323.32 / _bG874 / 1943 |
||
| 100 |
_aGroethuysen, Bernhard _928638 |
||
| 245 |
_aLa formación de la conciencia burguesa : _bEn Francia durante el siglo XVIII / |
||
| 260 |
_aMéxico, D.F : _bFondo de Cultura Económica, _c1943. |
||
| 300 |
_a647 páginas ; _c22 cm. |
||
| 440 |
_aLos grandes estudios _n1 _928639 |
||
| 500 | _aLibro Dañado. sin tapa, lomo dañado. | ||
| 505 | _aContenido: La burguesía y la concepción católica del mundo -- Las doctrinas sociales de la iglesia católica y la burguesía. | ||
| 650 |
_aIglesia Católica _93151 |
||
| 650 |
_aFrancia _91444 |
||
| 650 |
_aObreros _912481 |
||
| 650 |
_aCondiciones sociales _91132 |
||
| 650 |
_aBurguesía. _912355 |
||
| 700 |
_aGaos, Jose (traductor) _928640 |
||
| 942 |
_2ddc _cLIBROS |
||
| 945 | _acmm | ||